Questions débiles pour un dégonflé du 1er avril - Statistiques

Statistiques générales
  • Ce quiz a été pris 116 fois
  • Le résultat moyen est 12 sur 15
Statistiques - réponses
Salut Oui ?! Non ?! Peut-être ^^ % Correct
Hé, toi ! Tu connais la dernière ? Oui
100%
Ah oui ? Quelle estime de soi ! Écris-la donc ici, 50 mots minimum --> Avec Artemis-2, la NASA s’apprête à envoyer des humains autour de la Lune pour la première fois depuis cinquante-trois ans. La deuxième mission du programme Artemis doit décoller dans la soirée du 1ᵉʳ avril de Cap Canaveral, en Floride. Quatre
astronautes survoleront à bord notre satellite lors d’une mission de neuf jours : Christina Koch, Reid Wiseman, Victor J. Glover et Jeremy Hansen.
83%
Tiens, un lapin en chocolat en récompense ! 🐇
81%
Tu n'as pas remarqué quelque chose de bizarre ? Non
81%
Bon travail 20/20 !! Tu penses l'avoir mérité ? Oui
81%
Ce n'est pas encore Pâques, on est le 1er avril ! Réponds "oui" si tu veux quand même ton lapin en choco. Oui
81%
Maintenant, si tu n'es pas bête, réponds "oui" si tu penses que la terre est ronde. Oui
79%
Bon, alors prouve-moi que tu n'es pas un mouton ! Allez vas-y ! Rebelle-toi ! [dit n'importe quoi]
76%
Tu hésites miskine ! Face à la profondeur de ce paradoxe ! e—
76%
Tu penses avoir réussi à dire autre chose.Bah non, en disant non, tu viens de sous-entendre que tu ne pouvais pas ! Euh...
76%
Hmm t'es un vrai mouton toi ! Tu peux pas répondre autre chose ? Non
76%
Bon, allez, pour te remercier d'être encore là...Je te pardonne de t'avoir fait subir cette humiliation 🥲​ Ok, ok, relax.
76%
Petite question du coup : tu y as cru à cette histoire de 4 astronautes qui commenceront un voyage autour de la Lune ce soir ? Oui | Non
76%
Ah ah ah ah ! Tu t'es encore fait avoir ! Tu m'as obéi ! Il fallait abandonner le quiz pour vraiment te rebeller ! [Raah il m'énèrve !]
76%
Vérifie si tu veux : c'est pas un poisson d'avril !La mission Artemis II devrait décoller cette nuit à 0h24, heure française. J'espère que je t'ai appris un truc ! Si oui, n'hésite pas à jeter un coup d'œil sur mon profil au passage ;) TU ES OBLIGÉ•E HAHA 😈​
76%
Aucun quiz correspondant
Distribution des résultats
% des personnes avec chaque résultat
Percentile par nombre de réponses
Votre historique - résultats
Vous n’avez pas pris ce quiz